Lógica matemática; antecedentes y fundamentos /

Guardado en:
Autor Principal: Moreno, Alberto
Formato: Libro
Publicado: Buenos Aires : Paid¢s, 1965
Materias:
Etiquetas: Agregar Etiqueta
Sin Etiquetas, Sea el primero en etiquetar este registro!
LEADER 00468nam a22001695a 4500
001 CEM.cems006984
005 20060214000000.0
008 130507s1965##################000#0#####d
003 CEMS
082 0 4 |a 164 
100 1 |a Moreno, Alberto 
245 1 0 |a Lógica matemática; antecedentes y fundamentos / 
260 |a Buenos Aires :  |b Paid¢s,  |c 1965 
300 |a 92 p. 
653 |a Logica 
653 |a Logica matematica 
859 |a CEMS  |b BIB. CEMS - 11 de abril  |h 164  |i M815  |p 2847.74  |t Ej.1